| 000 | 00423nam a2200145 a 4500 | ||
|---|---|---|---|
| 001 | 000029524 | ||
| 005 | 20200930055619.0 | ||
| 008 | 110418s1993 dr a 000 0 spa d | ||
| 040 |
_aDO-SdBNP _bspa _cBNPHU |
||
| 100 | 1 |
_aRuiz, Waleska _956377 |
|
| 245 | 1 | 0 |
_aAl vuelo de las mariposas / _cWaleska Ruiz. |
| 260 |
_aSanto Domingo : _bDirección General de Bellas Artes, _c1993. |
||
| 300 |
_a[18] P. ; _c22 cm. |
||
| 049 | _aBNPD | ||
| 999 |
_c29016 _d29016 |
||